[Event "World Youth U16 Olympiad"]
[Site "Gyor HUN"]
[Date "2014.12.16"]
[Round "5.24"]
[Board "2"]
[White "Haring, Viktor"]
[Black "Kolver, Chris"]
[Result "1/2-1/2"]
[WhiteElo "2051"]
[BlackElo "1806"]
[WhiteTeam "Slovakia Middle"]
[BlackTeam "South Africa 2"]
[WhiteFideId "14919400"]
[BlackFideId "14307820"]
[EventDate "2014.12.13"]
[EventType "team"]

1. e4 c5 2. Nf3 Nc6 3. d4 cxd4 4. Nxd4 Nf6 5. Nc3 e5 6. Ndb5 d6 7. Bg5 a6 8.
Bxf6 gxf6 9. Na3 b5 10. Nd5 Bg7 11. c3 O-O 12. Nc2 f5 13. exf5 Bxf5 14. Nce3 Be6
15. Bd3 f5 16. Qh5 e4 17. Bc2 Ra7 18. Nf4 Bc4 19. Nxf5 Qf6 20. g4 Bf7 21. Qh3 d5
22. O-O-O Rd8 23. f3 Qg5 24. Nxg7 Qxf4+ 25. Kb1 Kxg7 26. g5 Bg6 27. fxe4 Qxg5
28. Rhg1 Qe5 29. exd5 Rxd5 30. Rde1 Qh5 31. Qc8 Nd8 32. c4 Rdd7 33. Qb8 bxc4 34.
Qb4 Qd5 35. Qc3+ Kh6 36. Qe3+ Kg7 37. Qc3+ Kh6 38. Qe3+ 1/2-1/2

[Event "World Youth U16 Olympiad"]
[Site "Gyor HUN"]
[Date "2014.12.16"]
[Round "5.24"]
[Board "3"]
[White "Van Der Lingen, Cornelis Petrus"]
[Black "Sahidi, Samir"]
[Result "0-1"]
[WhiteElo "1712"]
[BlackElo "2026"]
[WhiteTeam "South Africa 2"]
[BlackTeam "Slovakia Middle"]
[WhiteFideId "14306620"]
[BlackFideId "14936372"]
[EventDate "2014.12.13"]
[EventType "team"]

1. e4 c5 2. Nf3 e6 3. d4 cxd4 4. Nxd4 a6 5. Be2 Nf6 6. Nc3 Bb4 7. Qd3 Nc6 8.
Nxc6 bxc6 9. O-O O-O 10. Bg5 h6 11. Bh4 e5 12. Qc4 Be7 13. Bg3 Qc7 14. Rad1 Rb8
15. b3 Rb4 16. Qd3 Bb7 17. a3 Rb6 18. Na4 Rb5 19. c4 Ra5 20. f3 Bxa3 21. Be1 d5
22. Bxa5 Qxa5 23. cxd5 cxd5 24. exd5 Nxd5 25. Ra1 Bb4 26. Rfc1 Nf4 27. Qd1 Rd8
28. Qf1 Rd2 29. Re1 Qd5 30. Bc4 Qd4+ 31. Kh1 Rxg2 32. Rad1 Bd2 33. Bxa6 Rg1+ 34.
Qxg1 Bxf3+ 35. Qg2 Bxg2# 0-1

[Event "World Youth U16 Olympiad"]
[Site "Gyor HUN"]
[Date "2014.12.16"]
[Round "5.24"]
[Board "4"]
[White "Poliakova, Emma"]
[Black "Marx, Inge"]
[Result "0-1"]
[WhiteElo "1679"]
[BlackElo "1524"]
[WhiteTeam "Slovakia Middle"]
[BlackTeam "South Africa 2"]
[WhiteFideId "73601144"]
[BlackFideId "14306271"]
[EventDate "2014.12.13"]
[EventType "team"]

1. e4 c5 2. Nf3 d6 3. d4 cxd4 4. Nxd4 Nf6 5. Nc3 g6 6. Be3 Bg7 7. f3 O-O 8. Bc4
Nc6 9. Qd2 Bd7 10. h4 Qa5 11. Bb3 Rfc8 12. Nxc6 bxc6 13. g4 c5 14. Bc4 Rab8 15.
Nd1 Qb4 16. Ba6 Rc6 17. c3 Nxe4 18. Qc2 Qa5 19. Qxe4 Qxa6 20. h5 Re8 21. hxg6
fxg6 22. Bh6 Rcc8 23. Ne3 Qc6 24. Qc4+ d5 25. Qd3 e6 26. Bxg7 Kxg7 27. Kf2 Qb5
28. Qd2 Rb8 29. b3 Qc6 30. Rad1 Rf8 31. Rh3 Rbd8 32. Rdh1 Rh8 33. Ng2 e5 34. Qg5
Rde8 35. Rh6 Qe6 36. Qh4 Qg8 37. Ke3 d4+ 38. Kd3 Bb5+ 39. c4 Bc6 40. Qh3 Bxf3
41. g5 e4+ 42. Kd2 Re7 43. Rh4 Bxg2 44. Qxg2 e3+ 45. Ke2 Qd8 46. Qd5 Qxd5 47.
cxd5 Rd7 48. Re4 Rxd5 49. Re7+ Kf8 50. Rxa7 Rxg5 51. a4 Rg2+ 52. Kd3 Rd2+ 53.
Kc4 Rc2+ 54. Kd3 Rd2+ 55. Kc4 e2 56. Re1 d3 57. Kc3 Rd1 0-1

[Event "World Youth U16 Olympiad"]
[Site "Gyor HUN"]
[Date "2014.12.16"]
[Round "5.25"]
[Board "1"]
[White "Oltman, Kayla"]
[Black "Csuta, Akos Koppany"]
[Result "0-1"]
[WhiteElo "1529"]
[BlackElo "2027"]
[WhiteTeam "South Africa (Girls)"]
[BlackTeam "Györ (Hungary)"]
[WhiteFideId "14318490"]
[BlackFideId "760390"]
[EventDate "2014.12.13"]
[EventType "team"]

1. c4 Nf6 2. g3 g6 3. Bg2 Bg7 4. Nc3 c6 5. d4 d5 6. cxd5 Nxd5 7. Nxd5 cxd5 8. e3
O-O 9. Ne2 Nc6 10. O-O b6 11. Nf4 e6 12. Bd2 Re8 13. Bc3 Ba6 14. Re1 Rc8 15. Rc1
Qd6 16. Qd2 Bh6 17. Nd3 Bf8 18. a3 Rc7 19. Nb4 Bc4 20. Nxc6 Rxc6 21. Bb4 Qc7 22.
Bxf8 Rxf8 23. Rc3 Rc8 24. Rec1 Qd6 25. Bf1 a5 26. Bxc4 dxc4 27. Qc2 Qd5 28. Qa4
Ra8 29. e4 Qxe4 30. Re3 Qd5 31. Re5 Qd6 32. Rxc4 Rac8 33. Rxc6 Rxc6 34. Rb5 Rc1+
35. Kg2 Qc6+ 36. Kh3 Rc4 37. Qb3 a4 38. Rxb6 axb3 39. Rxc6 Rxc6 40. Kg2 Rc2 41.
Kf3 Rxb2 42. Ke3 Ra2 43. Kd3 Rxf2 44. a4 b2 45. a5 b1=Q+ 46. Ke3 Qe1+ 47. Kd3
Rd2+ 48. Kc4 Qc1+ 49. Kb5 Rb2+ 50. Ka6 Qc6+ 51. Ka7 Qb7# 0-1

[Event "World Youth U16 Olympiad"]
[Site "Gyor HUN"]
[Date "2014.12.16"]
[Round "5.25"]
[Board "2"]
[White "Pesti, Mate"]
[Black "Kolver, Michelle"]
[Result "1/2-1/2"]
[WhiteElo "1649"]
[BlackElo "1584"]
[WhiteTeam "Györ (Hungary)"]
[BlackTeam "South Africa (Girls)"]
[WhiteFideId "772194"]
[BlackFideId "14307839"]
[EventDate "2014.12.13"]
[EventType "team"]

1. e4 e5 2. Nf3 Nf6 3. Nc3 Bb4 4. Bc4 Nc6 5. O-O d6 6. Re1 O-O 7. h3 Re8 8. a3
Ba5 9. d3 h6 10. Be3 Bd7 11. b4 Bb6 12. Bxb6 axb6 13. Ne2 Qc8 14. Ng3 Ra7 15. c3
Qa8 16. Qb3 Nd8 17. Qb2 Bc6 18. Bb3 Kf8 19. d4 exd4 20. Nxd4 Bd7 21. f3 Qc8 22.
Qd2 Qa8 23. Qb2 Qc8 24. Qd2 Qa8 25. Qb2 1/2-1/2

[Event "World Youth U16 Olympiad"]
[Site "Gyor HUN"]
[Date "2014.12.16"]
[Round "5.25"]
[Board "3"]
[White "Samons, Marcelle"]
[Black "Nagy, Istvan Miklos"]
[Result "0-1"]
[WhiteElo "1539"]
[BlackElo "1730"]
[WhiteTeam "South Africa (Girls)"]
[BlackTeam "Györ (Hungary)"]
[WhiteFideId "14318016"]
[BlackFideId "760471"]
[EventDate "2014.12.13"]
[EventType "team"]

1. e4 c5 2. Nc3 Nc6 3. g3 d6 4. Bg2 Nf6 5. d3 g6 6. f4 Bg7 7. Nf3 O-O 8. O-O e6
9. Rb1 Rb8 10. Be3 b5 11. a3 a5 12. Nd2 b4 13. Na2 Qc7 14. e5 Nd5 15. exd6 Qxd6
16. Nc4 Qe7 17. Bf2 Bd4 18. Bxd4 Nxd4 19. Re1 Qc7 20. axb4 axb4 21. c3 b3 22.
cxd4 bxa2 23. Ra1 Nb4 24. dxc5 Qxc5+ 25. Kf1 Ba6 26. Re5 Qd4 27. Re4 Qxd3+ 28.
Qxd3 Nxd3 29. Rxa2 Bxc4 30. Rxc4 Nxb2 31. Rd4 Rfc8 32. Be4 Nc4 33. Ke2 Rb2+ 34.
Rxb2 Nxb2 35. Bb7 Rc2+ 36. Rd2 Rxd2+ 37. Kxd2 Nc4+ 38. Kd3 Nd6 39. Bc6 Kg7 40.
g4 Kf6 41. h4 h5 42. Bf3 hxg4 43. Bxg4 Nf5 44. h5 Nh6 45. hxg6 Nxg4 46. gxf7
Kxf7 47. Kd4 Kf6 48. Ke4 Nh6 49. Ke3 Kf5 50. Kf3 Ng8 51. Ke3 Nf6 52. Kf3 Nd5 53.
Kf2 Kxf4 54. Ke2 e5 0-1

[Event "World Youth U16 Olympiad"]
[Site "Gyor HUN"]
[Date "2014.12.16"]
[Round "5.25"]
[Board "4"]
[White "Kurcsics, Erika"]
[Black "De, Bruyn Aleida"]
[Result "1/2-1/2"]
[BlackTitle "WFM"]
[WhiteElo "1803"]
[BlackElo "1607"]
[WhiteTeam "Györ (Hungary)"]
[BlackTeam "South Africa (Girls)"]
[WhiteFideId "713848"]
[BlackFideId "14304546"]
[EventDate "2014.12.13"]
[EventType "team"]

1. e4 c5 2. Nc3 a6 3. a4 Nc6 4. f4 g6 5. Nf3 Bg7 6. Bc4 e6 7. O-O Nge7 8. d3 d5
9. Bb3 Nd4 10. Nxd4 cxd4 11. Ne2 dxe4 12. dxe4 O-O 13. e5 Nc6 14. Qd3 Qb6 15.
Rd1 Rd8 16. Kh1 Kh8 17. Ng3 f6 18. exf6 Bxf6 19. Ne4 Rf8 20. Nxf6 Rxf6 21. Qe4
Rf8 22. Ra3 Qc7 23. Re1 Qd6 24. a5 Re8 25. Bd5 Bd7 26. Bxc6 Bxc6 27. Qe5+ Qxe5
28. Rxe5 Rad8 29. Bd2 Bb5 30. b3 Rc8 31. Ra2 Bc6 32. Kg1 Kg7 33. Re1 Kf7 34. Bc1
Red8 35. Ba3 Bb5 36. Kf2 Rd7 37. Rd1 Kf6 38. Rd2 Rcd8 39. Bc5 e5 40. Bb6 Rc8 41.
Kg3 Rc3+ 42. Kf2 d3 43. fxe5+ Kxe5 44. cxd3 Rcxd3 45. Rxd3 Rxd3 46. b4 Kf5 47.
Rc2 Bc6 48. h3 1/2-1/2

[Event "World Youth U16 Olympiad"]
[Site "Gyor HUN"]
[Date "2014.12.16"]
[Round "5.27"]
[Board "1"]
[White "Shi, Diwen"]
[Black "Markoja, Boris"]
[Result "1/2-1/2"]
[WhiteTitle "CM"]
[BlackTitle "FM"]
[WhiteElo "2147"]
[BlackElo "2335"]
[WhiteTeam "Canada 3"]
[BlackTeam "Slovenia"]
[WhiteFideId "2609886"]
[BlackFideId "14608502"]
[EventDate "2014.12.13"]
[EventType "team"]

1. e4 e6 2. d4 d5 3. Nc3 Nf6 4. Bg5 Bb4 5. e5 h6 6. Bc1 Ne4 7. Ne2 c5 8. a3 Nxc3
9. Nxc3 cxd4 10. axb4 dxc3 11. bxc3 Qc7 12. Qd4 Nc6 13. Bb5 Bd7 14. Bxc6 Bxc6
15. O-O O-O 16. Re1 Bb5 17. Re3 Qc4 18. Qxc4 Bxc4 19. Rg3 Kh7 20. Be3 b6 21. h4
Rfb8 22. Rf3 Rb7 23. Rb1 Rc7 24. Bd4 Rd7 25. Re3 a5 26. Bxb6 a4 27. Ra1 a3 28.
Bd4 a2 29. f3 Kg6 30. Kf2 Ra6 31. Ke1 f5 32. f4 Ra8 33. Rg3+ Kf7 34. h5 1/2-1/2

[Event "World Youth U16 Olympiad"]
[Site "Gyor HUN"]
[Date "2014.12.16"]
[Round "5.27"]
[Board "2"]
[White "Unuk, Laura"]
[Black "Song, Guannan Terry"]
[Result "0-1"]
[WhiteTitle "WIM"]
[WhiteElo "2249"]
[BlackElo "2004"]
[WhiteTeam "Slovenia"]
[BlackTeam "Canada 3"]
[WhiteFideId "14609215"]
[BlackFideId "2614189"]
[EventDate "2014.12.13"]
[EventType "team"]

1. d4 Nf6 2. Nf3 c5 3. d5 b5 4. c4 Bb7 5. Qc2 bxc4 6. e4 e6 7. dxe6 dxe6 8. Nbd2
Be7 9. Bxc4 Nc6 10. O-O O-O 11. e5 Nd5 12. a3 Qc7 13. Re1 Rfd8 14. Bd3 g6 15.
Re4 Rac8 16. Nb3 Nb6 17. Rg4 c4 18. Bxg6 fxg6 19. Rxg6+ Kh8 20. Rh6 Bf8 21. Nc5
Bxc5 22. Ng5 Rd7 23. Nxe6 Qxe5 24. Bf4 Qd5 25. Bg5 Ne5 26. Bf6+ Kg8 27. Nf4 Qd4
28. Bxe5 Qxe5 29. Nh5 Rf8 0-1

[Event "World Youth U16 Olympiad"]
[Site "Gyor HUN"]
[Date "2014.12.16"]
[Round "5.27"]
[Board "4"]
[White "Hrescak, Ivana"]
[Black "Cai, Jason"]
[Result "0-1"]
[WhiteElo "2039"]
[BlackElo "1962"]
[WhiteTeam "Slovenia"]
[BlackTeam "Canada 3"]
[WhiteFideId "14613441"]
[BlackFideId "2618133"]
[EventDate "2014.12.13"]
[EventType "team"]

1. d4 Nf6 2. c4 c5 3. d5 b5 4. cxb5 a6 5. bxa6 g6 6. Nc3 Bxa6 7. g3 Bg7 8. Bg2
d6 9. Nf3 Nbd7 10. Rb1 O-O 11. O-O Qa5 12. Bd2 Bb7 13. Qc2 Qa7 14. e4 Ba6 15.
Rfd1 Ng4 16. h3 Nge5 17. Nxe5 Nxe5 18. Bc1 Rab8 19. b3 Rfc8 20. Be3 Qc7 21. f4
Nd7 22. a4 Qa5 23. Na2 Qd8 24. Rdc1 Nb6 25. Qd1 Qe8 26. Kh2 Qd7 27. g4 h6 28. h4
Qe8 29. h5 Rd8 30. g5 hxg5 31. fxg5 Be5+ 32. Kh1 Kg7 33. h6+ Kh7 34. Nc3 Qd7 35.
Qf3 Rf8 36. Bh3 Qe8 37. Ne2 Bd3 38. Bxc5 Bxe2 39. Qxe2 dxc5 40. Qf1 Bd6 41. Re1
f6 42. Qg2 Nd7 43. Bxd7 Qxd7 44. gxf6 exf6 45. Rg1 Qf7 46. Qh3 Rb4 47. Rbe1 Re8
48. Qf3 Re5 49. Re2 f5 50. Rge1 Qf8 51. exf5 Rxf5 52. Qe3 Rf1+ 53. Kg2 Rxe1 54.
Rxe1 Rg4+ 55. Kh1 Qf5 0-1

[Event "World Youth U16 Olympiad"]
[Site "Gyor HUN"]
[Date "2014.12.16"]
[Round "5.28"]
[Board "1"]
[White "Juhasz, Judit"]
[Black "Egyed, Viktoria"]
[Result "0-1"]
[WhiteElo "1668"]
[BlackElo "1990"]
[WhiteTeam "Transdanubium 3"]
[BlackTeam "Hungary (Girls)"]
[WhiteFideId "768499"]
[BlackFideId "741450"]
[EventDate "2014.12.13"]
[EventType "team"]

1. e4 c5 2. Nf3 e6 3. c4 Nc6 4. d4 cxd4 5. Nxd4 Nf6 6. Nc3 d6 7. Be3 Be7 8. Be2
O-O 9. O-O a6 10. f3 Qc7 11. Qd2 Rd8 12. Rfc1 Qd7 13. a4 d5 14. Nxc6 bxc6 15.
cxd5 cxd5 16. exd5 Nxd5 17. Nxd5 Qxd5 18. Qxd5 Rxd5 19. f4 Rd7 20. Bf3 Bb7 21.
Bxb7 Rxb7 22. Rc2 Bf6 23. Rac1 h6 24. Rb1 Rab8 25. Rc6 a5 26. Ra6 Bxb2 27. Kf2
Bc3 28. Rxb7 Rxb7 29. Kf3 Rb3 30. Ke2 Ra3 31. Rc6 Bb4 32. Rc4 Rxa4 33. Bb6 Ra2+
34. Kf3 Kh7 35. Bd4 Rd2 36. Be3 Rd3 37. Ke4 Rc3 38. Rxc3 Bxc3 39. Bc1 Kg6 40.
Kd3 Bb4 41. Ke4 f6 42. g4 a4 43. Bb2 a3 44. Ba1 Be7 45. h3 f5+ 46. gxf5+ exf5+
47. Kf3 Bf6 0-1

[Event "World Youth U16 Olympiad"]
[Site "Gyor HUN"]
[Date "2014.12.16"]
[Round "5.28"]
[Board "2"]
[White "Simon, Lili"]
[Black "Pal, Istvan"]
[Result "1-0"]
[WhiteElo "1901"]
[BlackElo "1406"]
[WhiteTeam "Hungary (Girls)"]
[BlackTeam "Transdanubium 3"]
[WhiteFideId "712159"]
[BlackFideId "765090"]
[EventDate "2014.12.13"]
[EventType "team"]

1. c4 c5 2. g3 Nc6 3. Bg2 e5 4. Nc3 g6 5. Nf3 Bg7 6. O-O Nge7 7. d3 O-O 8. Ne1
d6 9. Nc2 Be6 10. Ne3 Qd7 11. Ned5 Bh3 12. a3 Bxg2 13. Kxg2 f5 14. f4 Nxd5 15.
Nxd5 exf4 16. Nxf4 Ne7 17. Qc2 Qc6+ 18. e4 fxe4 19. dxe4 Nf5 20. Qd3 Rfe8 21.
Nd5 Ne7 22. Ra2 Nxd5 23. exd5 Qd7 24. b3 Qe7 25. Bf4 Rad8 26. h4 Qe4+ 27. Qxe4
Rxe4 28. Raf2 Bd4 29. Rf3 Kg7 30. Bg5 Rd7 31. a4 Re2+ 32. Kh3 Re8 33. Bf6+ Bxf6
34. Rxf6 Re3 35. R1f3 Rxf3 36. Rxf3 Rf7 37. Re3 h5 38. g4 Kh7 39. Kg3 Kg7 40.
gxh5 gxh5 41. Re8 Rd7 42. Kf4 b6 43. Kg5 Kf7 44. Re6 Kg7 45. Kxh5 Kh7 46. Kg5
Kg7 47. h5 Kh7 48. h6 a5 49. Rf6 Kg8 50. Kf5 1-0

[Event "World Youth U16 Olympiad"]
[Site "Gyor HUN"]
[Date "2014.12.16"]
[Round "5.28"]
[Board "3"]
[White "Gaal, Zsoka"]
[Black "Kovacs, Judit"]
[Result "0-1"]
[WhiteElo "1319"]
[BlackElo "1849"]
[WhiteTeam "Transdanubium 3"]
[BlackTeam "Hungary (Girls)"]
[WhiteFideId "777765"]
[BlackFideId "769215"]
[EventDate "2014.12.13"]
[EventType "team"]

1. Nf3 d5 2. d4 Nf6 3. g3 Bf5 4. Bg2 e6 5. O-O h6 6. b3 Be7 7. Bb2 O-O 8. Nbd2
Nbd7 9. c4 c6 10. Rc1 Bh7 11. Re1 Ne4 12. Nxe4 Bxe4 13. Nd2 Bxg2 14. Kxg2 f5 15.
e3 Nf6 16. c5 Qe8 17. Qe2 Bd8 18. b4 a6 19. a4 Ne4 20. f3 Nxd2 21. Qxd2 Bf6 22.
e4 fxe4 23. fxe4 Bg5 24. Qe2 Bxc1 25. Bxc1 Qg6 26. e5 Rf7 27. Bf4 Rxf4 28. Qd2
Raf8 29. Re2 Rf1 30. Qc3 Qb1 31. Qd2 Rh1 32. g4 Qg1+ 33. Kh3 g5 34. Qd3 Qf1+ 35.
Kg3 Rg1+ 0-1

[Event "World Youth U16 Olympiad"]
[Site "Gyor HUN"]
[Date "2014.12.16"]
[Round "5.28"]
[Board "4"]
[White "Olle, Rebeka Sara"]
[Black "Lendvai, Oliver"]
[Result "1-0"]
[WhiteElo "1827"]
[BlackElo "1248"]
[WhiteTeam "Hungary (Girls)"]
[BlackTeam "Transdanubium 3"]
[WhiteFideId "767018"]
[BlackFideId "768758"]
[EventDate "2014.12.13"]
[EventType "team"]

1. e4 c5 2. Nc3 Nc6 3. g3 g6 4. Bg2 Bg7 5. d3 d6 6. Be3 Nf6 7. h3 O-O 8. Qd2 Bd7
9. Nge2 Rc8 10. f4 Qc7 11. O-O a6 12. f5 Ne5 13. Nf4 b5 14. Nfd5 Nxd5 15. Nxd5
Qd8 16. Bh6 Bc6 17. Nxe7+ Qxe7 18. Bxg7 Rfe8 19. f6 Qd8 20. Qh6 Re6 21. Rf4 g5
22. Qxg5 Ng6 23. h4 Re5 24. Rf5 Qe8 25. h5 Bd7 26. Rxe5 Qxe5 27. Qh6 Qxb2 28.
Rf1 Qd4+ 29. Kh2 Ne5 30. Rf4 Ng4+ 31. Rxg4 Bxg4 32. Bh8 1-0

[Event "World Youth U16 Olympiad"]
[Site "Gyor HUN"]
[Date "2014.12.18"]
[Round "6.1"]
[Board "1"]
[White "Gledura, Benjamin"]
[Black "Paravyan, David"]
[Result "1/2-1/2"]
[WhiteTitle "IM"]
[BlackTitle "IM"]
[WhiteElo "2450"]
[BlackElo "2437"]
[WhiteTeam "Hungary 1"]
[BlackTeam "Russia"]
[WhiteFideId "712779"]
[BlackFideId "4194985"]
[EventDate "2014.12.13"]

1. Nf3 Nf6 2. c4 c5 3. Nc3 Nc6 4. g3 g6 5. Bg2 Bg7 6. O-O O-O 7. d4 cxd4 8. Nxd4
Nxd4 9. Qxd4 d6 10. Qd3 a6 11. Bd2 Rb8 12. a4 Nd7 13. Qc2 Ne5 14. Nd5 Be6 15.
Bc3 Rc8 16. Qb3 Nxc4 17. Bxg7 Kxg7 18. Qxb7 Bxd5 19. Bxd5 a5 20. Rfc1 Rb8 21.
Qa7 Qb6 22. Qxe7 Rbe8 23. Qb7 Rxe2 24. Qxb6 Nxb6 25. Bc6 Rxb2 26. Rab1 Nc4 27.
Rxb2 Nxb2 28. Bb5 d5 29. Rc2 Nc4 30. Bxc4 dxc4 31. Rxc4 Rb8 32. Rc5 h5 33. Rxa5
Rb1+ 34. Kg2 Ra1 35. h3 Ra3 36. g4 h4 37. g5 Kh7 38. Ra8 Kg7 39. a5 Kh7 40. a6
Kg7 41. a7 Kh7 42. Rb8 Rxa7 43. Rb4 Kg7 44. Rxh4 f6 45. gxf6+ Kxf6 46. Rb4 Ra5
47. Kg3 Kg7 48. Kg4 Kh6 49. h4 Ra1 50. f3 Ra5 51. Rb6 Kg7 52. f4 Ra1 53. Rb3 Kh6
54. Rg3 Ra5 55. Kh3 Ra4 56. Kg4 Ra5 57. Re3 Ra1 58. Re8 Rg1+ 59. Kf3 Rf1+ 60.
Kg3 Rg1+ 61. Kf2 Ra1 62. Re5 Ra3 63. Rg5 Rh3 64. Rg4 Kh5 65. Rg5+ Kh6 66. Rg4 1/2-1/2

[Event "World Youth U16 Olympiad"]
[Site "Gyor HUN"]
[Date "2014.12.18"]
[Round "6.1"]
[Board "2"]
[White "Goryachkina, Aleksandra"]
[Black "Korpa, Bence"]
[Result "1/2-1/2"]
[WhiteTitle "WGM"]
[BlackTitle "IM"]
[WhiteElo "2441"]
[BlackElo "2415"]
[WhiteTeam "Russia"]
[BlackTeam "Hungary 1"]
[WhiteFideId "4147103"]
[BlackFideId "706671"]
[EventDate "2014.12.13"]

1. d4 Nf6 2. c4 e6 3. Nf3 d5 4. g3 Bb4+ 5. Bd2 Be7 6. Bg2 O-O 7. O-O Nbd7 8. Qc2
c6 9. Bf4 a5 10. Nbd2 b5 11. cxb5 cxb5 12. Ne5 Bb7 13. Nc6 Qe8 14. Nxe7+ Qxe7
15. Rfc1 Rfc8 16. Qd3 Ba6 17. e4 Nb6 18. Bg5 h6 19. Bxf6 Qxf6 20. exd5 Nxd5 21.
Ne4 Qg6 22. Qd2 b4 23. Nc5 Bb5 24. Bxd5 exd5 25. Re1 Re8 26. Kg2 Qf5 27. a3 bxa3
28. bxa3 a4 29. h4 Bd7 30. Nxd7 Qxd7 1/2-1/2

[Event "World Youth U16 Olympiad"]
[Site "Gyor HUN"]
[Date "2014.12.18"]
[Round "6.1"]
[Board "3"]
[White "Kantor, Gergely"]
[Black "Sarana, Alexey"]
[Result "0-1"]
[WhiteTitle "IM"]
[WhiteElo "2385"]
[BlackElo "2391"]
[WhiteTeam "Hungary 1"]
[BlackTeam "Russia"]
[WhiteFideId "751499"]
[BlackFideId "24133795"]
[EventDate "2014.12.13"]

1. d4 Nf6 2. c4 e6 3. Nf3 d5 4. Nc3 dxc4 5. e3 a6 6. Bxc4 b5 7. Be2 c5 8. O-O
Bb7 9. dxc5 Qxd1 10. Rxd1 Bxc5 11. Nd2 Nd5 12. Nce4 Be7 13. Bf3 Nd7 14. a4 O-O
15. Nb3 Ne5 16. Na5 Nxf3+ 17. gxf3 Rfb8 18. axb5 axb5 19. Bd2 f5 20. Nxb7 Rxa1
21. Rxa1 Rxb7 22. Nc3 Nb6 23. b3 Nd7 24. Ne2 Nc5 25. b4 Na4 26. Ra2 Bf6 27. Nf4
Kf7 28. Nd3 Rc7 29. Kf1 Rc4 30. f4 Ke7 31. Ke2 Kd6 32. f3 h6 33. Nf2 e5 34.
fxe5+ Bxe5 35. f4 Bf6 36. Ra3 Ke6 37. h3 g5 38. Ra2 gxf4 39. exf4 Kd5 40. Ra3
Rc2 41. Nd1 Bd4 42. Ne3+ Bxe3 43. Rxe3 Kd4 44. Kd1 Ra2 45. Kc1 Nb6 46. Re2 Ra3
47. Re8 Nc4 48. Rd8+ Ke4 49. Re8+ Kf3 50. Be1 Ra1+ 51. Kc2 Ne3+ 52. Kd2 Rd1+ 0-1

[Event "World Youth U16 Olympiad"]
[Site "Gyor HUN"]
[Date "2014.12.18"]
[Round "6.1"]
[Board "4"]
[White "Litvinov, Maxim"]
[Black "Antal, Tibor Kende"]
[Result "1/2-1/2"]
[BlackTitle "FM"]
[WhiteElo "2238"]
[BlackElo "2292"]
[WhiteTeam "Russia"]
[BlackTeam "Hungary 1"]
[WhiteFideId "24157449"]
[BlackFideId "738581"]
[EventDate "2014.12.13"]

1. e4 c5 2. Nf3 d6 3. d4 cxd4 4. Qxd4 Nc6 5. Bb5 Bd7 6. Qd3 Nf6 7. c4 g6 8. Nc3
Bg7 9. O-O O-O 10. h3 Rc8 11. Be3 a6 12. Bxc6 Bxc6 13. Nd4 Nd7 14. Rac1 Qa5 15.
a3 Nc5 16. Qc2 Ba4 17. Nxa4 Qxa4 18. Qxa4 Nxa4 19. Rc2 Rc7 20. b4 Rfc8 21. Rfc1
Nb6 22. c5 Bxd4 23. Bxd4 Nd7 24. f4 e5 25. fxe5 dxc5 26. bxc5 b6 27. Rd1 Nxc5
28. Bxc5 Rxc5 29. Rxc5 bxc5 30. Kf2 Kf8 31. Rd6 c4 32. Ke2 c3 33. Kd1 c2+ 34.
Kc1 Rc4 35. Rxa6 Rxe4 36. Kxc2 Rxe5 37. Rd6 Ke7 38. Rd2 Re3 39. Rd3 Re2+ 40. Rd2
Re3 41. Rd3 Re2+ 42. Rd2 1/2-1/2

[Event "World Youth U16 Olympiad"]
[Site "Gyor HUN"]
[Date "2014.12.18"]
[Round "6.2"]
[Board "1"]
[White "Deac, Bogdan-Daniel"]
[Black "Asgarizadeh, Ahmad"]
[Result "1-0"]
[WhiteTitle "FM"]
[WhiteElo "2391"]
[BlackElo "2371"]
[WhiteTeam "Romania"]
[BlackTeam "Iran"]
[WhiteFideId "1226380"]
[BlackFideId "12505684"]
[EventDate "2014.12.13"]

1. Nf3 d5 2. c4 dxc4 3. Qa4+ Nd7 4. Qxc4 Nb6 5. Qc2 Nf6 6. g3 g6 7. Bg2 Bg7 8.
Nc3 O-O 9. O-O c6 10. h3 Nbd5 11. a3 Qa5 12. Rb1 Rd8 13. d3 Be6 14. Na4 Qc7 15.
e4 Nb6 16. Nc5 Qc8 17. Kh2 Bd7 18. b4 Be8 19. d4 Nfd7 20. Bg5 f6 21. Bf4 Bf7 22.
h4 Nxc5 23. bxc5 Nd7 24. Bh3 b6 25. cxb6 axb6 26. Rxb6 Rxa3 27. Rb8 Qxb8 28.
Bxb8 Nxb8 29. Bg2 Ra2 30. Qc5 Bf8 31. Qb6 Re8 32. Kg1 Rc2 33. Rb1 e5 34. Qa7 Bd6
35. Rb7 Ra2 36. Qb6 exd4 37. Qxd4 Be7 38. Bf1 c5 39. Qc3 Ra4 40. Bb5 Rb4 41.
Bxe8 Rxb7 42. Bxf7+ Kxf7 43. e5 Nd7 44. Qc4+ Kg7 45. Qd5 Rc7 46. exf6+ Bxf6 47.
Ng5 Nf8 48. Qd6 Rc8 49. Ne4 Bd4 50. Qe7+ Kg8 51. Nd6 Rb8 52. Qf7+ Kh8 53. Ne8
Rxe8 54. Qxe8 Kg7 55. Qe7+ Kg8 56. g4 h6 57. Kg2 Nh7 58. g5 hxg5 59. hxg5 Nf8
60. f4 Nh7 61. f5 1-0

[Event "World Youth U16 Olympiad"]
[Site "Gyor HUN"]
[Date "2014.12.18"]
[Round "6.2"]
[Board "2"]
[White "Tabatabaei, M.amin"]
[Black "Dolana, Andrei-Theodor"]
[Result "1-0"]
[WhiteTitle "FM"]
[WhiteElo "2363"]
[BlackElo "2279"]
[WhiteTeam "Iran"]
[BlackTeam "Romania"]
[WhiteFideId "12521213"]
[BlackFideId "1219804"]
[EventDate "2014.12.13"]

1. e4 e5 2. Nf3 Nc6 3. Bb5 a6 4. Ba4 Nf6 5. O-O Nxe4 6. d4 b5 7. Bb3 d5 8. dxe5
Be6 9. Nbd2 Nc5 10. c3 Be7 11. Bc2 d4 12. Nb3 d3 13. Nxc5 dxc2 14. Qxd8+ Rxd8
15. Nxe6 fxe6 16. Be3 Rd5 17. Rac1 Nxe5 18. Nxe5 Rxe5 19. Rxc2 Kf7 20. c4 b4 21.
Rd1 Rd8 22. Rxd8 Bxd8 23. Rd2 Be7 24. g3 Ke8 25. h4 Bc5 26. Bxc5 Rxc5 27. b3 Re5
28. Kf1 Ke7 29. Re2 Kf6 30. f3 h6 31. Kf2 g5 32. Rxe5 Kxe5 33. hxg5 hxg5 34. Ke3
c5 35. g4 a5 36. f4+ gxf4+ 37. Kf3 Kd4 38. g5 1-0

[Event "World Youth U16 Olympiad"]
[Site "Gyor HUN"]
[Date "2014.12.18"]
[Round "6.2"]
[Board "3"]
[White "Costachi, Mihnea"]
[Black "Maghsoodloo, Parham"]
[Result "0-1"]
[WhiteTitle "FM"]
[WhiteElo "2356"]
[BlackElo "2415"]
[WhiteTeam "Romania"]
[BlackTeam "Iran"]
[WhiteFideId "1217518"]
[BlackFideId "12539929"]
[EventDate "2014.12.13"]

1. d4 Nf6 2. c4 g6 3. Nc3 d5 4. cxd5 Nxd5 5. Bd2 Bg7 6. e4 Nb6 7. Be3 O-O 8. h3
f5 9. exf5 Bxf5 10. Nf3 Nc6 11. Be2 Qd6 12. Qd2 Rfd8 13. Rd1 a5 14. O-O a4 15.
Bf4 e5 16. dxe5 Qxd2 17. Rxd2 Rxd2 18. Nxd2 Nxe5 19. Nde4 Nbc4 20. Bc1 b5 21. b3
axb3 22. axb3 Na5 23. Bxb5 Nxb3 24. f4 Nd4 25. fxe5 Nxb5 26. Nxb5 Bxe4 27. Nxc7
Ra2 28. Rf2 Ra1 29. Rf1 Bd3 30. Re1 Bxe5 31. Nd5 Bg3 32. Re8+ Kf7 33. Rc8 Ke6
34. Ne3 Rb1 35. Rc3 Be2 36. Nc4 Bxc4 37. Rxc4 Kd5 38. Rc8 Bf4 39. Rh8 Rxc1+ 40.
Kf2 Rc7 41. Kf3 Be5 42. Ra8 Rc3+ 43. Kg4 h5+ 44. Kg5 Rg3+ 45. Kh4 g5+ 46. Kxh5
Rxg2 47. Ra3 Ke4 48. Ra4+ Kf5 49. h4 g4 50. Rb4 g3 51. Rg4 Bf6 52. Rg8 Rh2 53.
Rg5+ Kf4 54. Rg4+ Ke5 0-1